100 Music Artists by Picture - Statistics

General Stats
  • This quiz has been taken 336 times
    257 since last reset
  • The average score is 54 of 100
Answer Stats
Picture Answer % Correct
Ed Sheeran
96%
Eminem
96%
Michael Jackson
96%
Ariana Grande
95%
Taylor Swift
94%
Billie Eilish
93%
Harry Styles
93%
Lady Gaga
92%
Rihanna
92%
Sabrina Carpenter
91%
Beyonce
90%
Bruno Mars
90%
Justin Bieber
90%
Katy Perry
90%
Nicki Minaj
89%
Pitbull
89%
Selena Gomez
89%
50 Cent
88%
Bob Marley
87%
Britney Spears
87%
Adele
84%
Miley Cyrus
84%
Justin Timberlake
83%
The Weeknd
83%
Dua Lipa
81%
David Bowie
78%
Post Malone
78%
Olivia Rodrigo
77%
Cardi B
74%
Dolly Parton
74%
Camila Cabello
73%
Madonna
73%
Pharrell Williams
72%
Shakira
72%
John Legend
70%
Lil Nas X
70%
Usher
69%
Aretha Franklin
68%
Meghan Trainor
68%
Shawn Mendes
67%
Lana Del Rey
65%
Bob Dylan
64%
Charlie Puth
63%
XXXTentacion
61%
Bad Bunny
59%
Chappell Roan
59%
Kendrick Lamar
57%
Tyler, the Creator
57%
Childish Gambino
56%
Kelly Clarkson
56%
Marvin Gaye
54%
SZA
50%
Tate McRae
50%
Juice Wrld
46%
Jack Harlow
45%
Jessie J
44%
Gwen Stefani
43%
Ludacris
43%
Tom Jones
42%
DaBaby
41%
Halsey
41%
The Kid Laroi
41%
Dove Cameron
40%
Enrique Iglesias
40%
Raye
38%
Frank Ocean
37%
Christina Aguilera
36%
Rita Ora
36%
Tyla
36%
Charli XCX
35%
Jennifer Hudson
34%
Central Cee
32%
Future
30%
Gracie Abrams
30%
Renee Rapp
30%
Anne Marie
29%
Jennie
29%
Troye Sivan
29%
Conan Gray
28%
Carly Rae Jepsen
26%
PinkPantheress
26%
Kate Bush
25%
Olly Murs
24%
Teddy Swims
24%
Zara Larsson
20%
Aitch
17%
Shaboozey
17%
Young Thug
17%
Zach Bryan
17%
Dominic Fike
16%
Ella Fitzgerald
16%
Jess Glynne
15%
Nessa Barrett
14%
Sean Paul
14%
Shania Twain
11%
Natasha Bedingfield
6%
070 Shake
5%
Labrinth
5%
Anitta
4%
Self Esteem
3%
No matching quizzes found
Score Distribution
Percent of People with Each Score
Percentile by Number Answered
Your Score History
You have not taken this quiz since the last reset